=LDR 00000nam 2200000 4500 =001 INLIS000000000027908 =005 20130612130241 =008 ***********************************Ind** =035 ##$$0010-061300000027908 =041 ##$$a Ind =082 ##$$a 621.57 =090 ##$$a 621.57, Han m =100 ##$$a Hanafi, Nuri =245 ##$$a Mencari 4 memperbaiki kerusakan lemari es, Nuri Hanafi; penyunting Andrik Kurniawan =260 ##$$a 22 cm $b Jakarta =300 ##$$a vi, 62 hlm, ilus, 22 cm =650 ##$$a Mesin Pendingin =850 ##$$a NBPNMAT =990 ##$$a 17091709 =990 ##$$a 20707110